| 000 | 00681nam a2200229 a 4500 | ||
|---|---|---|---|
| 001 | BRL_369 | ||
| 005 | 20190320210717.0 | ||
| 008 | 050813s1965----gw-a######---#000-0#ger-# | ||
| 041 | _ager | ||
| 044 | _agw | ||
| 050 | 4 |
_aF1435.3W75 _b.C63 1965 |
|
| 130 | 0 |
_aCodice Dresdensis, 1502 _923683 |
|
| 245 | 1 | 0 |
_aSchrift und Buchmalerei der Maya-Indianer _b24 Tafeln aus dem Codex Dresdensis _cRolf Krusche. |
| 260 |
_a[Alemania] _bInsel-Verlag _c1965 |
||
| 300 |
_a46 p. _bil. a color _c19 cm. |
||
| 500 | _aAu359 | ||
| 650 | 1 | 4 |
_aManuscritos mayas _vFacsimiles _923684 |
| 650 | 1 | 4 |
_aLenguas mayas _vEscritura _923685 |
| 700 | 1 |
_aKrusche, Rolf _923686 |
|
| 902 | _aGRL | ||
| 942 |
_2lcc _cB |
||
| 999 |
_c9182 _d9182 |
||